| 000 | 00718nam a2200265#a 4500 | ||
|---|---|---|---|
| 001 | 02195 | ||
| 003 | HDC | ||
| 007 | ta | ||
| 008 | 230623s2003 xx 000 0 eng d | ||
| 020 | _a983208816X (pbk). | ||
| 040 | _aHDC | ||
| 050 |
_aSD235 .4 _b.M362 2003 bil.5 |
||
| 245 | 0 | _aRubber forest plantation. | |
| 264 |
_aSelangor : _bMalaysian Rubber Board, _c2003. |
||
| 300 |
_a22p. : _b ill. ; _c 23cm. |
||
| 490 | _aMalaysian Rubber Board monograph ; | ||
| 650 |
_aPlantations _zMalaysia. |
||
| 650 |
_aRubber industry and trade _zMalaysia. |
||
| 650 |
_aRubber plant _zMalaysia. |
||
| 710 | _aLembaga Getah Malaysia. | ||
| 942 | _2lcc | ||
| 942 | _cBK | ||
| 942 | _kSD235 .4 | ||
| 942 | _m.M362 2003 bil.5 | ||
| 999 |
_c23754 _d23754 |
||